|
|
|
|
| LEADER |
00000cam a2200000 c 4500 |
| 001 |
271779438 |
| 003 |
DE-627 |
| 005 |
20251222212106.0 |
| 007 |
tu |
| 008 |
900503s1989 xx ||||| b 00| ||eng c |
| 020 |
|
|
|a 0824077326
|9 0-8240-7732-6
|
| 035 |
|
|
|a (DE-627)271779438
|
| 035 |
|
|
|a (DE-576)020346190
|
| 035 |
|
|
|a (DE-599)GBV271779438
|
| 035 |
|
|
|a (OCoLC)246633779
|
| 035 |
|
|
|a (OCoLC)19625934
|
| 035 |
|
|
|a (DE-604)8041285840
|
| 040 |
|
|
|a DE-627
|b ger
|c DE-627
|e rakwb
|
| 041 |
|
|
|a eng
|
| 082 |
0 |
|
|a 016.20773
|
| 082 |
0 |
|
|a 016.2/07/73
|
| 084 |
|
|
|a 0
|a 1
|2 ssgn
|
| 100 |
1 |
|
|0 (DE-588)121312771
|0 (DE-627)543364739
|0 (DE-576)166481750
|4 aut
|a Hunt, Thomas C.
|d 1930-
|
| 109 |
|
|
|a Hunt, Thomas C. 1930-
|
| 245 |
1 |
0 |
|a Religious seminaries in America
|b a selected bibliography
|c Thomas C. Hunt; James C. Carper
|
| 264 |
|
1 |
|a New York, NY [u.a.]
|b Garland
|c 1989
|
| 300 |
|
|
|a IX, 231 S.
|
| 336 |
|
|
|a Text
|b txt
|2 rdacontent
|
| 337 |
|
|
|a ohne Hilfsmittel zu benutzen
|b n
|2 rdamedia
|
| 338 |
|
|
|a Band
|b nc
|2 rdacarrier
|
| 490 |
1 |
|
|a Garland reference library of social science
|v 539
|
| 583 |
1 |
|
|a Archivierung prüfen
|c 20200919
|f DE-640
|z 2
|2 pdager
|
| 583 |
1 |
|
|a Archivierung/Langzeitarchivierung gewährleistet
|f SSG
|x XA-DE-BW
|2 pdager
|5 DE-21
|
| 655 |
|
7 |
|a Bibliografie
|0 (DE-588)4006432-3
|0 (DE-627)104814519
|0 (DE-576)208865578
|2 gnd-content
|
| 689 |
0 |
0 |
|d g
|0 (DE-588)4078704-7
|0 (DE-627)106076612
|0 (DE-576)209209682
|2 gnd
|a USA
|
| 689 |
0 |
1 |
|d s
|0 (DE-588)4185084-1
|0 (DE-627)104305347
|0 (DE-576)21003002X
|2 gnd
|a Theologische Hochschule
|
| 689 |
0 |
|
|5 (DE-627)
|
| 700 |
1 |
|
|a Carper, James C.
|4 aut
|
| 830 |
|
0 |
|a Garland reference library of social science
|v 539
|9 539
|w (DE-627)129449466
|w (DE-576)014815427
|w (DE-600)197175-X
|7 am
|
| 935 |
|
|
|a mteo
|
| 935 |
|
|
|i Blocktest
|
| 951 |
|
|
|a BO
|
| ELC |
|
|
|b 1
|
| ITA |
|
|
|a 1
|t 1
|
| LOK |
|
|
|0 000 xxxxxcx a22 zn 4500
|
| LOK |
|
|
|0 001 333787231X
|
| LOK |
|
|
|0 003 DE-627
|
| LOK |
|
|
|0 004 271779438
|
| LOK |
|
|
|0 005 20020416000000
|
| LOK |
|
|
|0 008 900503||||||||||||||||ger|||||||
|
| LOK |
|
|
|0 040
|a DE-21
|c DE-627
|d DE-21
|
| LOK |
|
|
|0 852
|a DE-21
|
| LOK |
|
|
|0 852 1
|c 30 A 3793
|9 00
|
| LOK |
|
|
|0 866
|x Ers.
|
| LOK |
|
|
|0 935
|a theo
|
| LOK |
|
|
|0 936ln
|a t4.13
|
| LOK |
|
|
|0 936ln
|a t12
|
| LOK |
|
|
|0 939
|a 03-05-90
|b l01
|
| ORI |
|
|
|a SA-MARC-ixtheoa001.raw
|
| REL |
|
|
|a 1
|
| STA |
0 |
0 |
|a Theological college,USA,USA,Middle West,USA,USA,USA,USA,USA,America,Confederate States of America,Midwest
|
| STB |
0 |
0 |
|a École supérieure de théologie,Université de théologie,Université de théologie
|
| STC |
0 |
0 |
|a Escuela Superior de Teología
|
| STD |
0 |
0 |
|a Università di teologia
|
| STE |
0 |
0 |
|a 神学院
|
| STF |
0 |
0 |
|a 神學院
|
| STG |
0 |
0 |
|a Escola Superior de Teologia
|
| STH |
0 |
0 |
|a Богословский вуз
|
| STI |
0 |
0 |
|a Θεολογικό Πανεπιστήμιο
|
| SUB |
|
|
|a REL
|
| SYG |
0 |
0 |
|a United States,United States of America,Vereinigte Staaten,Vereinigte Staaten von Amerika , United States of America,Vereinigte Staaten von Amerika,Amerika <USA>,United States of America,Vereinigte Staaten von Amerika,Amerika <USA>,USA,USA,Nord,Nördliche Vereinigte Staaten,Nordwestamerika,USA,Nordwest,Pazifischer Nordwesten,Mittlerer Westen,USA,Middle West,Mittelwesten,Midwest,USA,Nordost,Nordöstliche Vereinigte Staaten,USA,Südost,Südöstliche Vereinigte Staaten,USA,Ost,Östliche Vereinigte Staaten,Südwestliche USA,USA,Südweststaaten,Südwestliche Vereinigte Staaten,USA,Südwest,USA,West,Westliche Vereinigte Staaten,Nordamerikanische Südstaaten,Konföderierte Staaten von Amerika,Confederate States of America,Südliche Vereinigte Staaten,Südatlantische Staaten,Südöstliche Staaten,United States of America,Vereinigte Staaten von Amerika,Nordamerika,Amerika,United States,United States of America,Etats Unis,Etats-Unis,Vereinigte Staaten,Estados Unidos de America,EEUU,Vereinigte Staaten von Nordamerika,Soedinennye Štaty Ameriki,SŠA,Stany Zjednoczone Ameryki Północnej,Hēnōmenai Politeiai tēs Boreiu Amerikēs,Hēnōmenes Politeies tēs Amerikēs,HēPA,Ēnōmenes Politeies tēs Amerikēs,ĒPA,Meiguo,Etats-Unis d'Amérique,US
|